| 000 | 00892nam a2200265 a 4500 | ||
|---|---|---|---|
| 001 | BRCA_7721 | ||
| 005 | 20190320205949.0 | ||
| 008 | 300813s1950----fr-a######---#000-0#fre-# | ||
| 041 | _afre | ||
| 044 | _afr | ||
| 050 | 4 |
_aNK4497 _b.G63 1950 |
|
| 100 | 1 |
_aGobert, Marc H. _919099 |
|
| 245 | 1 | 0 |
_aLes porcelaines francaises _bhistorique, caractèristiques, dècour, couleurs, production, contrafracons, copies, marques _cAvant-propos de Marc H. Gobert et de M. Leyendecker. |
| 260 |
_aParís _bTardy _c1950 |
||
| 300 |
_a407 p. _bil. _c18 cm. |
||
| 500 | _aU65 | ||
| 500 | _aVer también Y161 | ||
| 650 | 1 | 4 |
_aPorcelana francesa _vHistoria _919100 |
| 650 | 1 | 4 |
_aPorcelana francesa _vCaracterísticas _919101 |
| 650 | 1 | 4 |
_aPorcelana francesa _vMarcas _919102 |
| 650 | 1 | 4 |
_aPorcelana francesa _vProducción _919103 |
| 700 | 1 |
_aLeyendecker, M. _eprol. _919104 |
|
| 902 | _aGFM | ||
| 942 |
_2lcc _cB |
||
| 999 |
_c7395 _d7395 |
||